<?xml version="1.0" encoding="UTF-8"?>
<collection xmlns="http://www.loc.gov/MARC21/slim">
    <record>
        <controlfield tag="001">75715</controlfield>
        <controlfield tag="005">20200716101452.0</controlfield>
        <datafield tag="024" ind1="7" ind2=" ">
            <subfield code="2">doi</subfield>
            <subfield code="a">10.1016/j.proci.2018.05.005</subfield>
        </datafield>
        <datafield tag="024" ind1="8" ind2=" ">
            <subfield code="2">sideral</subfield>
            <subfield code="a">107318</subfield>
        </datafield>
        <datafield tag="037" ind1=" " ind2=" ">
            <subfield code="a">ART-2019-107318</subfield>
        </datafield>
        <datafield tag="041" ind1=" " ind2=" ">
            <subfield code="a">eng</subfield>
        </datafield>
        <datafield tag="100" ind1=" " ind2=" ">
            <subfield code="0">(orcid)0000-0003-2614-9228</subfield>
            <subfield code="a">Colom Díaz, Juan Manuel</subfield>
            <subfield code="u">Universidad de Zaragoza</subfield>
        </datafield>
        <datafield tag="245" ind1=" " ind2=" ">
            <subfield code="a">H2S conversion in a tubular flow reactor: experiments and kinetic modeling</subfield>
        </datafield>
        <datafield tag="260" ind1=" " ind2=" ">
            <subfield code="c">2019</subfield>
        </datafield>
        <datafield tag="506" ind1="0" ind2=" ">
            <subfield code="a">Access copy available to the general public</subfield>
            <subfield code="f">Unrestricted</subfield>
        </datafield>
        <datafield tag="520" ind1="3" ind2=" ">
            <subfield code="a">Oxidation of H2S at atmospheric pressure has been studied under different reaction atmospheres, varying the air excess ratio (lambda) from reducing lambda=0.32) to oxidizing conditions lambda=19.46). The experiments have been carried out in a tubular flow reactor, in the 700-1400¿K temperature range. The concentrations of H2S, SO2 and H2 have been determined and the experimental results have been simulated with a detailed chemical mechanism compiled in the present work. The experimental results obtained indicate that H2S consumption is shifted to lower temperatures as the stoichiometry increases, starting at 925K for reducing conditions and at 700K for the most oxidizing ones. The model reproduces well, in general, the experimental data from the present work, and those from the literature at high pressures. Supported by theoretical calculations, the isomerization of HSOO to HSO2 has been determined as an alternative and possible pathway to the final product SO2, from the key SH+O2 reaction.</subfield>
        </datafield>
        <datafield tag="536" ind1=" " ind2=" ">
            <subfield code="9">info:eu-repo/grantAgreement/ES/DGA/GPT</subfield>
            <subfield code="9">info:eu-repo/grantAgreement/ES/MINECO/BES-2016-076610</subfield>
            <subfield code="9">info:eu-repo/grantAgreement/ES/MINECO/CTQ2015-65226</subfield>
        </datafield>
        <datafield tag="540" ind1=" " ind2=" ">
            <subfield code="9">info:eu-repo/semantics/openAccess</subfield>
            <subfield code="a">by-nc-nd</subfield>
            <subfield code="u">http://creativecommons.org/licenses/by-nc-nd/3.0/es/</subfield>
        </datafield>
        <datafield tag="590" ind1=" " ind2=" ">
            <subfield code="a">5.627</subfield>
            <subfield code="b">2019</subfield>
        </datafield>
        <datafield tag="591" ind1=" " ind2=" ">
            <subfield code="a">ENERGY &amp; FUELS</subfield>
            <subfield code="b">22 / 112 = 0.196</subfield>
            <subfield code="c">2019</subfield>
            <subfield code="d">Q1</subfield>
            <subfield code="e">T1</subfield>
        </datafield>
        <datafield tag="591" ind1=" " ind2=" ">
            <subfield code="a">THERMODYNAMICS</subfield>
            <subfield code="b">4 / 61 = 0.066</subfield>
            <subfield code="c">2019</subfield>
            <subfield code="d">Q1</subfield>
            <subfield code="e">T1</subfield>
        </datafield>
        <datafield tag="591" ind1=" " ind2=" ">
            <subfield code="a">ENGINEERING, MECHANICAL</subfield>
            <subfield code="b">8 / 130 = 0.062</subfield>
            <subfield code="c">2019</subfield>
            <subfield code="d">Q1</subfield>
            <subfield code="e">T1</subfield>
        </datafield>
        <datafield tag="591" ind1=" " ind2=" ">
            <subfield code="a">ENGINEERING, CHEMICAL</subfield>
            <subfield code="b">17 / 143 = 0.119</subfield>
            <subfield code="c">2019</subfield>
            <subfield code="d">Q1</subfield>
            <subfield code="e">T1</subfield>
        </datafield>
        <datafield tag="592" ind1=" " ind2=" ">
            <subfield code="a">2.116</subfield>
            <subfield code="b">2019</subfield>
        </datafield>
        <datafield tag="593" ind1=" " ind2=" ">
            <subfield code="a">Chemical Engineering (miscellaneous)</subfield>
            <subfield code="c">2019</subfield>
            <subfield code="d">Q1</subfield>
        </datafield>
        <datafield tag="593" ind1=" " ind2=" ">
            <subfield code="a">Physical and Theoretical Chemistry</subfield>
            <subfield code="c">2019</subfield>
            <subfield code="d">Q1</subfield>
        </datafield>
        <datafield tag="593" ind1=" " ind2=" ">
            <subfield code="a">Mechanical Engineering</subfield>
            <subfield code="c">2019</subfield>
            <subfield code="d">Q1</subfield>
        </datafield>
        <datafield tag="655" ind1=" " ind2="4">
            <subfield code="a">info:eu-repo/semantics/article</subfield>
            <subfield code="v">info:eu-repo/semantics/acceptedVersion</subfield>
        </datafield>
        <datafield tag="700" ind1=" " ind2=" ">
            <subfield code="0">(orcid)0000-0001-7559-9669</subfield>
            <subfield code="a">Abián, María</subfield>
            <subfield code="u">Universidad de Zaragoza</subfield>
        </datafield>
        <datafield tag="700" ind1=" " ind2=" ">
            <subfield code="0">(orcid)0000-0001-5426-6486</subfield>
            <subfield code="a">Ballester, M.Y.</subfield>
            <subfield code="u">Universidad de Zaragoza</subfield>
        </datafield>
        <datafield tag="700" ind1=" " ind2=" ">
            <subfield code="a">Millera, Ángela</subfield>
        </datafield>
        <datafield tag="700" ind1=" " ind2=" ">
            <subfield code="0">(orcid)0000-0002-5420-0943</subfield>
            <subfield code="a">Bilbao, Rafael</subfield>
            <subfield code="u">Universidad de Zaragoza</subfield>
        </datafield>
        <datafield tag="700" ind1=" " ind2=" ">
            <subfield code="0">(orcid)0000-0003-4679-5761</subfield>
            <subfield code="a">Alzueta, Uxue</subfield>
            <subfield code="u">Universidad de Zaragoza</subfield>
        </datafield>
        <datafield tag="710" ind1="2" ind2=" ">
            <subfield code="1">5005</subfield>
            <subfield code="2">555</subfield>
            <subfield code="a">Universidad de Zaragoza</subfield>
            <subfield code="b">Dpto. Ing.Quím.Tecnol.Med.Amb.</subfield>
            <subfield code="c">Área Ingeniería Química</subfield>
        </datafield>
        <datafield tag="710" ind1="2" ind2=" ">
            <subfield code="1">5005</subfield>
            <subfield code="2">790</subfield>
            <subfield code="a">Universidad de Zaragoza</subfield>
            <subfield code="b">Dpto. Ing.Quím.Tecnol.Med.Amb.</subfield>
            <subfield code="c">Área Tecnologi. Medio Ambiente</subfield>
        </datafield>
        <datafield tag="773" ind1=" " ind2=" ">
            <subfield code="g">37, 1 (2019), 727-734</subfield>
            <subfield code="p">Proc. Combust. Inst.</subfield>
            <subfield code="t">PROCEEDINGS OF THE COMBUSTION INSTITUTE</subfield>
            <subfield code="x">1540-7489</subfield>
        </datafield>
        <datafield tag="856" ind1="4" ind2=" ">
            <subfield code="s">305747</subfield>
            <subfield code="u">http://zaguan.unizar.es/record/75715/files/texto_completo.pdf</subfield>
            <subfield code="y">Postprint</subfield>
        </datafield>
        <datafield tag="856" ind1="4" ind2=" ">
            <subfield code="s">74359</subfield>
            <subfield code="u">http://zaguan.unizar.es/record/75715/files/texto_completo.jpg?subformat=icon</subfield>
            <subfield code="x">icon</subfield>
            <subfield code="y">Postprint</subfield>
        </datafield>
        <datafield tag="909" ind1="C" ind2="O">
            <subfield code="o">oai:zaguan.unizar.es:75715</subfield>
            <subfield code="p">articulos</subfield>
            <subfield code="p">driver</subfield>
        </datafield>
        <datafield tag="951" ind1=" " ind2=" ">
            <subfield code="a">2020-07-16-09:06:54</subfield>
        </datafield>
        <datafield tag="980" ind1=" " ind2=" ">
            <subfield code="a">ARTICLE</subfield>
        </datafield>
    </record>

    
</collection>